000 01077nam a2200157 4500
999 _c26463
_d26463
020 _a9781138672581
082 _a910.71
_bDEB-
245 _aDebates in Geography Education
250 _aSecond Edition
260 _aNew York
_bRoutledge
_c2018
300 _axx,321p.
504 _aInclude Acknowledgements & Index
520 _aThis comprehensive text encourages trainee and practising teachers to engage with and reflect on key issues, concepts and debates in geography education. Fully updated in line with the National Curriculum and the latest developments in the field, it provides a crucial exploration of the subject s expanding horizons, including powerful knowledge and the increasing prominence of fieldwork, as well as a renewed focus on the form and function of educational assessment and progression. With reflective questions, significant points of debate, and annotated further reading, it s an essential purchase for all those who want to develop a better understanding of the issues that shape their practice.
700 _a Jones, Mark
942 _2ddc
_cBK